Statistics for All Sub-Prefectures of the Central African Republic

Click here to take the quiz!

General Stats

  • This quiz has been taken 21 times
  • The average score is 32 of 72

Answers on the Map

Answers color-coded by a green-red scale on the quiz's map according to % correct below.
 

Answer Stats

PrefectureSub-Prefecture% Correct
BanguiBangui
100%
Ombella M'PokoBimbo
60%
Nana-MambéréAbba
47%
Basse-KottoAlindao
47%
Nana-MambéréBaboua
47%
OuakaBambari
47%
MbomouBangassou
47%
Nana-MambéréBaoro
47%
OuhamBatangafo
47%
Mambéré-KadéïBerbérati
47%
Ombella M'PokoBoali
47%
LobayeBoganangone
47%
LobayeBoganda
47%
Ombella M'PokoBogangolo
47%
OuhamBossangoa
47%
Ombella M'PokoBossembélé
47%
Nana-MambéréBouar
47%
Haute-KottoBria
47%
Mambéré-KadéïCarnot
47%
Ombella M'PokoDamara
47%
KémoDékoa
47%
Mambéré-KadéïGadzi
47%
MbomouGambo
47%
Mambéré-KadéïGamboula
47%
OuakaGrimari
47%
OuakaIppy
47%
Nana-GribiziKaga-Bandoro
47%
Basse-KottoKembé
47%
OuakaKouango
47%
LobayeMbaïki
47%
Nana-GribiziMbrès
47%
Basse-KottoMobaye
47%
LobayeMongoumba
47%
KémoNdjoukou
47%
Haut-MbomouObo
47%
MbomouOuango
47%
Basse-KottoSatéma
47%
KémoSibut
47%
Ombella M'PokoYaloké
47%
Basse-KottoZangba
47%
Haut-MbomouZémio
47%
Mambéré-KadéïAmada-Gaza
40%
OuakaBakala
40%
MbomouBakouma
40%
Haut-MbomouBambouti
40%
Bamingui-BangoranBamingui
40%
Sangha-MbaéréBayanga
40%
Ouham PendéBocaranga
40%
LobayeBoda
40%
OuhamBouca
40%
Mambéré-KadéïDédé-Mokouba
40%
Haut-MbomouDjéma
40%
OuhamKabo
40%
KémoMala
40%
OuhamMarkounda
40%
Basse-KottoMingala
40%
OuhamNana-Bakassa
40%
Bamingui-BangoranNdélé
40%
Sangha-MbaéréNola
40%
Haute-KottoOuadda
40%
Ouham PendéPaoua
40%
MbomouRafai
40%
Mambéré-KadéïSosso-Nakombo
40%
Haute-KottoYalinga
40%
Sangha-MbaéréBambio
33%
VakagaBirao
33%
Ouham PendéBossemtélé
33%
Ouham PendéBozoum
33%
Ouham PendéKoui
33%
OuhamNangha Boguila
33%
Ouham PendéNgaoundaye
33%
VakagaOuanda-Djallé
33%

Score Distribution

Percentile by Number Answered

Percent of People with Each Score

Your Score History

You have not taken this quiz